| 000 | 00616nam a2200217 a 4500 | ||
|---|---|---|---|
| 999 |
_c4821 _d4821 |
||
| 001 | 4338 | ||
| 003 | BD-DhUAP | ||
| 005 | 20201122115858.0 | ||
| 008 | 201122s1994 iaua 001 0 eng | ||
| 020 | _a0697145379 | ||
| 040 |
_aDLC _cDLC _beng _dBD-DhUAP |
||
| 050 | 0 | 0 |
_aQH308.2 _b.B63 1994 |
| 082 | 0 | 0 |
_a570 BLA _223 |
| 100 | 1 | _aBlamire, John. | |
| 245 | 1 | 0 |
_aExploring life : _bthe principles of biology / _cJohn Blamire. |
| 260 |
_aDubuque, Iowa : _bWm. C. Brown Publishers, _cc1994. |
||
| 300 |
_axix, 507 pages : _billustrations ; _c28 cm. |
||
| 500 | _aIncludes index. | ||
| 650 | 0 | _aBiology. | |
| 942 |
_2ddc _cBK |
||